Jugadores Mali - Estadísticas

Estadísticas generales
  • Esta prueba ha sido intentada 6 veces
  • La puntuación promedio es 6 de 21
Estadísticas de respuestas
Imagen Respuesta % Correcto
Bissouma
100%
Doucoure
83%
Marega
83%
Traore
83%
Camara
50%
Adama Traore
33%
Djenepo
33%
Kouame
33%
Traore
33%
Doucoure
17%
El Bilal Toure
17%
Haidara
17%
Coulibaly
0%
Doumbia
0%
Haidara
0%
Kouyate
0%
Niakate
0%
Sacko
0%
Sagnan
0%
Samassekou
0%
Sissoko
0%
No se encontraron pruebas coincidentes
Distribución de puntuación
Porcentaje de gente con cada puntuación
Porcentaje por número respondido
Historial de tus puntuaciones
No has intentado esta prueba.